| 000 | 01610cam a2200385 a 4500 | ||
|---|---|---|---|
| 001 | 12533682 | ||
| 003 | ARRUPE | ||
| 005 | 20140122112715.0 | ||
| 008 | 010914r20021996nyua 000 1 eng | ||
| 010 | _a 2001048533 | ||
| 020 | _a0375758585 (acidfree paper) | ||
| 040 |
_aDLC _cDLC _dDLC |
||
| 043 | _ae-fr--- | ||
| 050 | 0 | 0 |
_aPS3556.U76 _bW67 2002 |
| 082 | 0 | 0 |
_a813/.54 _221 |
| 100 | 1 |
_aFurst, Alan. _96917 |
|
| 245 | 1 | 4 |
_aThe world at night : _ba novel / _cAlan Furst. |
| 250 | _a1st trade pbk. ed. | ||
| 260 |
_aNew York : _bRandom House Trade Paperbacks, _cc2002. |
||
| 300 |
_a268 p. : _bill. ; _c21 cm. |
||
| 504 | _aIncludes bibliographical references (p. [267]-268). | ||
| 650 | 0 |
_aMotion picture producers and directors _vFiction. _96918 |
|
| 650 | 0 |
_aWorld War, 1939-1945 _zFrance _vFiction. _96919 |
|
| 651 | 1 |
_aFrance _xHistory _yGerman occupation, 1940-1945 _vFiction. _96920 |
|
| 651 | 0 |
_aParis (France) _vFiction. _96921 |
|
| 655 | 7 |
_aHistorical fiction. _2gsafd _96922 |
|
| 655 | 7 |
_aLove stories. _2gsafd _96923 |
|
| 655 | 7 |
_aWar stories. _2gsafd _96924 |
|
| 856 | 4 | 2 |
_3Contributor biographical information _uhttp://www.loc.gov/catdir/bios/random053/2001048533.html |
| 856 | 4 | 1 |
_3Sample text _uhttp://www.loc.gov/catdir/samples/random041/2001048533.html |
| 856 | 4 | 2 |
_3Publisher description _uhttp://www.loc.gov/catdir/description/random042/2001048533.html |
| 906 |
_a7 _bcbc _corignew _d1 _eocip _f20 _gy-gencatlg |
||
| 942 |
_2lcc _cMONOGRAPH |
||
| 999 |
_c119643 _d119643 |
||